Stations of the Tobu Tojo Line - Statistics

General Stats
  • This quiz has been taken 31 times
  • The average score is 31 of 46
Answer Stats
Station # Answer % Correct
TJ-01 Ikebukuro
96%
TJ-30 Shinrinkoen
92%
TJ-21 Kawagoe
88%
TJ-02 Kita-Ikebukuro
88%
TJ-10 Narimasu
88%
TJ-11 Wakoshi
88%
TJ-07 Kami-Itabashi
85%
TJ-22 Kawagoeshi
85%
TJ-38 Yorii
85%
TJ-12 Asaka
81%
TJ-13 Asakadai
81%
TJ-47 Ogose
81%
TJ-14 Shiki
81%
TJ-08 Tobu-Nerima
81%
TJ-33 Ogawamachi
77%
TJ-26 Sakado
77%
TJ-26 Sakado
77%
TJ-09 Shimo-Akatsuka
77%
TJ-03 Shimo-Itabashi
77%
TJ-06 Tokiwadai
77%
TJ-32 Musashi-Ranzan
73%
TJ-05 Naka-Itabashi
73%
TJ-04 Oyama
73%
TJ-18 Fujimino
69%
TJ-29 Higashi-Matsuyama
69%
TJ-19 Kami-Fukuoka
69%
TJ-27 Kita-Sakado
65%
TJ-20 Shingashi
65%
TJ-31 Tsukinowa
65%
TJ-17 Tsuruse
62%
TJ-25 Wakaba
62%
TJ-23 Kasumigaseki
58%
TJ-16 Mizuhodai
58%
TJ-35 Obusuma
58%
TJ-34 Tobu-Takezawa
58%
TJ-24 Tsurugashima
58%
TJ-15 Yanasegawa
58%
TJ-28 Takasaka
50%
TJ-36 Hachigata
46%
TJ-37 Tamayodo
46%
TJ-45 Higashi-Moro
42%
TJ-43 Kawakado
42%
TJ-44 Bushu-Nagase
38%
TJ-41 Ippommatsu
38%
TJ-46 Bushu-Karasawa
35%
TJ-42 Nishi-Oya
31%
No matching quizzes found
Score Distribution
Percent of People with Each Score
Percentile by Number Answered
Your Score History
You have not taken this quiz